Concepts for nursing practice / (Record no. 2687)

MARC details
000 -LEADER
fixed length control field 00593cam a2200157 i 4500
008 - FIXED-LENGTH DATA ELEMENTS--GENERAL INFORMATION
fixed length control field 190907s2020 moua b 001 0 eng
020 ## - INTERNATIONAL STANDARD BOOK NUMBER
ISBN 9780323581936
100 1# - MAIN ENTRY--AUTHOR
Author Giddens, Jean,
245 10 - TITLE STATEMENT
Title Concepts for nursing practice /
Statement of responsibility, etc Jean Foret Giddens, PhD, RN, FAAN, ANEF, Dean and Professor, Doris B. Yingling Endowed Chair, School of Nursing, Virginia Commonwealth University, Richmond, Virginia.
250 ## - EDITION STATEMENT
Edition statement Third edition.
260 ## - PUBLICATION, DISTRIBUTION, ETC. (IMPRINT)
Place of publication Missouri
Name of publisher Elsevier Ltd
Date of publication 2021
300 ## - COLLATION
Pagination xvi, 553 pages :
Other physical details color illustrations ;
650 #0 - TRACINGS
Main Subject Nursing.
942 ## - ADDED ENTRY ELEMENTS (KOHA)
Item type Books
050 00 - LIBRARY OF CONGRESS CALL NUMBER
Classification number RT42
Item number .C598 2021
Holdings
Source of classification or shelving scheme Not for loan Permanent location Current location Date acquired Accession No. Full call number Barcode. Koha item type
Library of Congress Classification   Medical Library Medical Library 03/25/2025 2024/64143 RT42.G53 2025-0980 Books